000 00363nam a2200145Ia 4500
008 220216s9999 xx 000 0 und d
245 0 _aOverview of Indian tyre industry 2008-09
260 _bIndian Rubber Journal
_c2009
300 _a42-46
650 _aExport
650 _aImport
650 _aRubber consumption
650 _aTyre production
942 _cJS
999 _c64528
_d64528